00536 2200181 4500001002100000005001500021008004100036020001800077035001900095041000700114082001000121090001600131100002400147245009400171260004500265300002900310650001500339INLIS00000000001076020241224114046241224||||||||| | ||| |||| || |  a979-20-8223-9 0010-1224010760 aid0 a158.1 a158.1 YOS a0 aDiah Tuhfat Yoshida00aArsitektur Strategik: Sebuah Solusi Meraih Kemenangan dalam Dunia yang Senantiasa Berubah aJakartabPT. Elex Media Komputindoc2004 a21x14 cm, xiv, 142 hlm.; 0aArsitektur